The Architecture Of The Hindus/ (Record no. 195616)

MARC details
000 -LEADER
fixed length control field 00646nam a22001937a 4500
005 - DATE AND TIME OF LATEST TRANSACTION
control field 20230406163042.0
010 ## - LCCN (DPL NO)
LC control number ENG-136642
020 ## - INTERNATIONAL STANDARD BOOK NUMBER
Terms of availability 995.00
International Standard Book Number 9788173055492
035 ## - SYSTEM CONTROL NUMBER
System control number EN-120174
037 ## - SOURCE OF ACQUISITION
Source of stock number/acquisition DBAD/PUB
082 ## - DEWEY DECIMAL CLASSIFICATION NUMBER
Classification number 726.1450954
245 00 - TITLE STATEMENT
Title The Architecture Of The Hindus/
Statement of responsibility, etc Edited By Ram Raz
250 ## - EDITION STATEMENT
Edition statement First
260 ## - PUBLICATION, DISTRIBUTION, ETC. (IMPRINT)
Name of publisher, distributor, etc Aryan Books International
Place of publication, distribution, etc New Delhi
Date of publication, distribution, etc 2016
270 ## - ADDRESS
City New Delhi
Postal code 110002
Address Pooja Apartments, 4B, Ansari Road
Telephone number 23287589
-- 23255799
Fax number 91-11-23270385
Electronic mail address aryanbooks@gmail.com
300 ## - PHYSICAL DESCRIPTION
Extent xv,vpp.;
Dimensions 28cm(hbk)
Other physical details ill.
700 ## - ADDED ENTRY--PERSONAL NAME
Personal name Raz, Ram
Relator term Editor
942 ## - ADDED ENTRY ELEMENTS (KOHA)
Source of classification or shelving scheme Dewey Decimal Classification
Item type English Books
Call number suffix ARC
Classification part 726.1450954
Holdings
Withdrawn status Lost status Not for loan Collection code Home library Current library Date acquired Source of acquisition Cost, normal purchase price Full call number Barcode Copy number Cost, replacement price Koha item type
      Reference Central Library Central Library 06/04/2023 DBAD/PUB 995.00 726.1450954 ARC EN-120174 1 995.00 English Books

© Delhi Public Library
Hit Counter
free hit counter